00282nam a2200121Ia 4500008004100000082001700041100001500058245002500073250000800098260002700106300001000133650001700143150201s2012 xx 000 0 und d a616.96bM12B aBAVEJA, CP aMEDICAL PARASITOLOGY a2ND bARYA PUB.aDELHIc2012 a1-222 aMICROBIOLOGY